000 01566cam a22004814i 4500
003 PE-LiUPU
005 20250731184538.0
008 150623s r 000 0 d
020 _a1841270555
035 _a(Sirsi) i9781841270555
040 _aPE-LiUPU
_bspa
_cPE-LiUPU
_erda
049 _aPRUA
082 0 4 _a956.914
_bH38
_221
100 1 _aHempel, Charlotte,
_eautor.
245 1 4 _aThe Damascus texts /
_cCharlotte Hempel.
264 1 _aSheffield :
_bSheffield Academic Press,
_c2000.
300 _a124 páginas ;
_c23 centímetros
336 _atext
_2rdacontent
337 _aunmediated
_2rdamedia
338 _avolume
_2rdacarrier
490 0 _aCompanion to The Qumran Scrolls
504 _aIncluye bibliografía.
505 0 _aThe Damascus documnent from Cairo and Qumran. - 4Q265 Miscellaneous rules (olim Serech Damascus).
526 _aP136
526 _aP135
526 _aP134
526 _aP133
526 _aP144
526 _aP143
526 _aP87
526 _aP35
526 _aP20
526 _aP14
526 _aP10
526 _aP06
650 0 4 _aDamasco (Capital de Siria)
_vDocumentos.
942 _2ddc
_cBOOK
949 _a956.914 H38
_wDEWEY
_c1
_i49440
_lCCODEBUL1
_mBUL
_r0
_sY
_tBOOK
_u2015-6-24
_xTEOLOGIA
_PP35
_0COMPRA
_o.STAFF. Colección General
994 _aC0
_bPEPRU
596 _a1
999 _a956.914 H38
_wDEWEY
_c29775
_i49440
_f2021-11-12
_g6
_lCCODEBUL1
_mBUL
_r0
_sY
_tBOOK
_u2015-6-24
_xTEOLOGIA
_PP35
_0COMPRA
_o.STAFF. Colección General
_d29775
980 _81
_gALBERTO SANCHEZ Responsable de Automatización